[Event "CEDIS Festival saha 2024 - 4. turnir"]
[Site "Podgorica"]
[Date "2024.09.06"]
[Round "1.1"]
[White "Koprivica, Andrija"]
[Black "Djukanovic, Sreten"]
[Result "0-1"]
[WhiteElo "1699"]
[BlackElo "2115"]
[PlyCount "34"]
[EventDate "2024.09.06"]
[EventType "swiss"]
[EventRounds "5"]
[EventCountry "MNE"]
[SourceVersionDate "2024.09.08"]

1. e4 c5 2. Nc3 d6 3. Bc4 Nc6 4. f4 g6 5. Nf3 Bg7 6. d3 e6 7. O-O Nge7 8. Qe1
O-O 9. Qh4 d5 10. Bb3 Nd4 11. f5 exf5 12. Bg5 f6 13. Nxd5 Nxb3 14. Nxf6+ Bxf6
15. Bxf6 Rxf6 16. Qxf6 Nxa1 17. Ng5 Qd4+ 0-1

[Event "CEDIS Festival saha 2024 - 4. turnir"]
[Site "Podgorica"]
[Date "2024.09.06"]
[Round "1.2"]
[White "Abramovic, Dragoljub"]
[Black "Peric, Toman"]
[Result "1-0"]
[WhiteElo "2038"]
[BlackElo "1575"]
[PlyCount "43"]
[EventDate "2024.09.06"]
[EventType "swiss"]
[EventRounds "5"]
[EventCountry "MNE"]
[SourceVersionDate "2024.09.08"]

1. d4 Nf6 2. Bg5 e6 3. e4 Be7 4. Nd2 O-O 5. Ngf3 b6 6. Bd3 Bb7 7. Qe2 h6 8. Bh4
Nh7 9. Bg3 c5 10. d5 exd5 11. exd5 Bxd5 12. Bxh7+ Kxh7 13. Qd3+ Kh8 14. Qxd5
Nc6 15. O-O Nb4 16. Qh5 Nxc2 17. Rad1 Bf6 18. Ne4 Nd4 19. Nxf6 Qxf6 20. Nxd4
cxd4 21. Be5 Qe6 22. Bxd4 1-0

[Event "CEDIS Festival saha 2024 - 4. turnir"]
[Site "Podgorica"]
[Date "2024.09.06"]
[Round "1.3"]
[White "Janketic, Milos"]
[Black "Zivkovic, Slaven"]
[Result "0-1"]
[WhiteElo "1573"]
[BlackElo "1914"]
[PlyCount "58"]
[EventDate "2024.09.06"]
[EventType "swiss"]
[EventRounds "5"]
[EventCountry "MNE"]
[SourceVersionDate "2024.09.08"]

1. e4 e5 2. Nf3 Nc6 3. d4 exd4 4. Nxd4 Nf6 5. Nc3 Bb4 6. Nxc6 bxc6 7. Bd3 d5 8.
O-O O-O 9. e5 Ng4 10. Bf4 Re8 11. Re1 Qh4 12. Bg3 Qg5 13. f4 Qh5 14. Be2 Bc5+
15. Kh1 Qxh2+ 16. Bxh2 Nf2+ 17. Kg1 Nxd1+ 18. Kh1 Nf2+ 19. Kg1 Nd3+ 20. Kf1
Nxe1 21. Rxe1 Rb8 22. Na4 Be3 23. Bd3 Bxf4 24. Bxf4 Rb4 25. g3 Rxa4 26. a3 Ba6
27. Bxa6 Rxa6 28. Rd1 h6 29. Rd3 g5 0-1

[Event "CEDIS Festival saha 2024 - 4. turnir"]
[Site "Podgorica"]
[Date "2024.09.06"]
[Round "1.4"]
[White "Sijaric, Alvir"]
[Black "Sorochenkova, Margarita"]
[Result "1-0"]
[WhiteElo "1889"]
[BlackElo "1564"]
[PlyCount "61"]
[EventDate "2024.09.06"]
[EventType "swiss"]
[EventRounds "5"]
[EventCountry "MNE"]
[SourceVersionDate "2024.09.08"]

1. d4 d5 2. c4 e6 3. Nf3 Nf6 4. Nc3 Be7 5. Qc2 O-O 6. Bf4 c5 7. e3 Nc6 8. Rd1
Qa5 9. a3 Ne4 10. Bd3 Nxc3 11. Bxh7+ Kh8 12. bxc3 g6 13. Bxg6 fxg6 14. O-O Rg8
15. h4 Bd7 16. g4 Be8 17. Kg2 Nd8 18. Be5+ Kh7 19. Rh1 Ba4 20. Ng5+ Kh6 21. Qd2
Bxd1 22. e4 Bf8 23. Nxe6+ Kh7 24. Ng5+ Kh6 25. h5 Bxg4 26. Nf7+ Kh7 27. hxg6+
Kxg6 28. Qf4 Bg7 29. Rh6+ Bxh6 30. Qf6+ Kh5 31. Qxh6# 1-0

[Event "CEDIS Festival saha 2024 - 4. turnir"]
[Site "Podgorica"]
[Date "2024.09.06"]
[Round "1.5"]
[White "Abdovic, Daris"]
[Black "Vesovic, Nebojsa"]
[Result "1/2-1/2"]
[WhiteElo "1554"]
[BlackElo "1837"]
[PlyCount "38"]
[EventDate "2024.09.06"]
[EventType "swiss"]
[EventRounds "5"]
[EventCountry "MNE"]
[SourceVersionDate "2024.09.08"]

1. d4 Nf6 2. c4 e6 3. Nc3 Bb4 4. Bd2 b6 5. a3 Bxc3 6. Bxc3 Bb7 7. Nf3 O-O 8. e3
d6 9. Bd3 Be4 10. Qc2 Bxd3 11. Qxd3 Nbd7 12. O-O h6 13. h3 Re8 14. Rad1 Qe7 15.
Rfe1 e5 16. dxe5 Nxe5 17. Nxe5 dxe5 18. Qc2 Qe6 19. b3 a5 1/2-1/2

[Event "CEDIS Festival saha 2024 - 4. turnir"]
[Site "Podgorica"]
[Date "2024.09.06"]
[Round "1.6"]
[White "Lakusic, Zoran"]
[Black "Markovic, Janko"]
[Result "1-0"]
[WhiteElo "1782"]
[BlackElo "1468"]
[PlyCount "55"]
[EventDate "2024.09.06"]
[EventType "swiss"]
[EventRounds "5"]
[EventCountry "MNE"]
[SourceVersionDate "2024.09.08"]

1. Nf3 d5 2. d4 e6 3. c4 Nf6 4. Nc3 Be7 5. Bg5 O-O 6. Bxf6 Bxf6 7. e4 dxc4 8.
Bxc4 Nc6 9. e5 Be7 10. O-O b6 11. a3 Bb7 12. b4 a6 13. Re1 b5 14. Bb3 Qd7 15.
Rc1 Rad8 16. d5 exd5 17. Bxd5 Ba8 18. Qb3 Nd4 19. Nxd4 Bxd5 20. Nxd5 Qxd5 21.
Qxd5 Rxd5 22. Nc6 Bg5 23. f4 Bd8 24. Rcd1 Rxd1 25. Rxd1 Bh4 26. g3 Bxg3 27.
hxg3 f6 28. Rd8 1-0

[Event "CEDIS Festival saha 2024 - 4. turnir"]
[Site "Podgorica"]
[Date "2024.09.07"]
[Round "2.2"]
[White "Zizic, Djordje"]
[Black "Abramovic, Dragoljub"]
[Result "0-1"]
[WhiteElo "1745"]
[BlackElo "2038"]
[PlyCount "210"]
[EventDate "2024.09.06"]
[EventType "swiss"]
[EventRounds "5"]
[EventCountry "MNE"]
[SourceVersionDate "2024.09.08"]

1. e4 c6 2. Nf3 d5 3. Nc3 Bg4 4. h3 Bxf3 5. Qxf3 e6 6. g3 Nf6 7. d3 Bb4 8. e5
d4 9. exf6 dxc3 10. Kd1 Qxf6 11. Qxf6 gxf6 12. bxc3 Bxc3 13. Rb1 b6 14. Bg2 Kd7
15. Rb3 Be5 16. d4 Bd6 17. Bb2 Rc8 18. c4 Na6 19. Ke2 Nc7 20. Rc1 Rab8 21. g4
Ne8 22. Be4 h6 23. a4 Be7 24. h4 Nd6 25. Bf3 f5 26. gxf5 Nxf5 27. h5 Bf6 28.
Rd1 Kc7 29. Bg4 Rg8 30. Bxf5 exf5 31. Rf3 Rbe8+ 32. Kd3 Rg5 33. Rh1 c5 34. Bc1
Rg4 35. Bf4+ Kd7 36. dxc5 Re4 37. cxb6 axb6 38. Rd1 Ke6 39. Bxh6 Rd4+ 40. Ke2
Rge4+ 41. Re3 Rxc4 42. f3 Rxe3+ 43. Bxe3 Rxa4 44. Bxb6 Rh4 45. Bc5 Be5 46. Rd8
Rxh5 47. Re8+ Kd5 48. Bf2 Rh6 49. Kd3 Rc6 50. Be1 Ra6 51. Rd8+ Bd6 52. Bb4 Ke6
53. Bd2 Be5 54. Ke2 Ra2 55. Kd3 Bf6 56. Re8+ Kd5 57. Rf8 Ra7 58. Bb4 Bg5 59.
Rb8 Rd7 60. Bc3 f6 61. Ra8 Ke6+ 62. Ke2 Rc7 63. Ra6+ Kf7 64. Bd4 Rc2+ 65. Kf1
Kg6 66. Ra8 Bh4 67. Rg8+ Kf7 68. Ra8 Rd2 69. Bc5 Bg3 70. Be3 Rc2 71. Bd4 Be5
72. Bxe5 fxe5 73. Ra6 Rd2 74. Rb6 Ke7 75. Ra6 Rd6 76. Ra5 Kf6 77. Ke2 Rd4 78.
Kf2 Rd3 79. Ke2 Rb3 80. Kf2 Rb2+ 81. Ke1 Rb6 82. Kf2 Rc6 83. Rb5 Re6 84. Kg3
Kg5 85. Ra5 Kf6 86. Rb5 Ra6 87. Kf2 Ra3 88. Rc5 Kg5 89. Rxe5 Kf4 90. Rb5 Rxf3+
91. Kg2 Re3 92. Rb4+ Re4 93. Rb3 Re2+ 94. Kf1 Ra2 95. Rc3 Ke4 96. Rb3 f4 97.
Rc3 Kf5 98. Rh3 Kg4 99. Rb3 Rh2 100. Kg1 Rh3 101. Rb8 Ra3 102. Kf2 Ra2+ 103.
Kf1 Kg3 104. Rb3+ f3 105. Rb1 Rh2 0-1

[Event "CEDIS Festival saha 2024 - 4. turnir"]
[Site "Podgorica"]
[Date "2024.09.07"]
[Round "2.3"]
[White "Zivkovic, Slaven"]
[Black "Lakusic, Zoran"]
[Result "1-0"]
[WhiteElo "1914"]
[BlackElo "1782"]
[PlyCount "77"]
[EventDate "2024.09.06"]
[EventType "swiss"]
[EventRounds "5"]
[EventCountry "MNE"]
[SourceVersionDate "2024.09.08"]

1. e4 c5 2. Nf3 d6 3. Bb5+ Bd7 4. Bxd7+ Nxd7 5. O-O e5 6. c3 g5 7. d4 g4 8.
Nfd2 h5 9. Na3 a6 10. dxe5 Nxe5 11. Ndc4 Nxc4 12. Nxc4 b5 13. Ne3 Ne7 14. Re1
Qd7 15. a4 bxa4 16. Nc4 Nc8 17. Qd5 Rb8 18. Bg5 Qe6 19. Qc6+ Qd7 20. Qxa6 Qb5
21. Rxa4 Qxa6 22. Rxa6 Rg8 23. Bf4 Rg6 24. Rd1 Re6 25. f3 gxf3 26. gxf3 f6 27.
Rd2 Kd7 28. Ne3 Be7 29. Nf5 Bf8 30. Kf2 Kc7 31. h4 Kb7 32. Ra1 Kc6 33. Rg1 Nb6
34. b4 Nc4 35. Ra2 cxb4 36. Nd4+ Kb6 37. Nxe6 b3 38. Rb1 b2 39. Raxb2+ 1-0

[Event "CEDIS Festival saha 2024 - 4. turnir"]
[Site "Podgorica"]
[Date "2024.09.07"]
[Round "2.4"]
[White "Popovic, Milo"]
[Black "Sekulic, Nikola"]
[Result "0-1"]
[WhiteElo "1409"]
[BlackElo "1945"]
[PlyCount "48"]
[EventDate "2024.09.06"]
[EventType "swiss"]
[EventRounds "5"]
[EventCountry "MNE"]
[SourceVersionDate "2024.09.08"]

1. e4 Nc6 2. d4 d5 3. exd5 Qxd5 4. Nf3 Bg4 5. Nc3 Qh5 6. Be2 O-O-O 7. h3 e6 8.
O-O Nf6 9. hxg4 Nxg4 10. Bf4 Bd6 11. Qd2 e5 12. d5 exf4 13. dxc6 Be5 14. cxb7+
Kb8 15. Qc1 Rd6 16. Rd1 Rh6 17. Kf1 Qh1+ 18. Ng1 Nh2+ 19. Ke1 Qxg1+ 20. Kd2
Rd8+ 21. Bd3 Qxf2+ 22. Ne2 Nf3+ 23. gxf3 Qe3+ 24. Ke1 Rh1# 0-1

[Event "CEDIS Festival saha 2024 - 4. turnir"]
[Site "Podgorica"]
[Date "2024.09.07"]
[Round "2.7"]
[White "Sorochenkova, Margarita"]
[Black "Koprivica, Andrija"]
[Result "1/2-1/2"]
[WhiteElo "1564"]
[BlackElo "1699"]
[PlyCount "106"]
[EventDate "2024.09.06"]
[EventType "swiss"]
[EventRounds "5"]
[EventCountry "MNE"]
[SourceVersionDate "2024.09.08"]

1. e4 e5 2. Nf3 Nc6 3. Bb5 a6 4. Ba4 Bc5 5. c3 d6 6. d4 exd4 7. cxd4 Bb4+ 8.
Nc3 b5 9. Bb3 Bg4 10. h3 Bh5 11. O-O Nf6 12. g4 Bg6 13. Bg5 Bxc3 14. bxc3 Qd7
15. Bxf6 gxf6 16. a4 b4 17. a5 Na7 18. cxb4 h5 19. Nh2 Ke7 20. f4 hxg4 21. Qxg4
Bxe4 22. Qxd7+ Kxd7 23. Ng4 Rxh3 24. Nxf6+ Ke7 25. Nxe4 Rxb3 26. Rab1 Rxb1 27.
Rxb1 Rb8 28. Nc3 Nc6 29. b5 Nxd4 30. bxa6 Rxb1+ 31. Nxb1 Nb5 32. Nc3 Na7 33. f5
Kf6 34. Nd5+ Kxf5 35. Nxc7 Ke4 36. Kf2 f5 37. Ke2 d5 38. Ne6 d4 39. Nc5+ Kd5
40. Nd3 Ke4 41. Nc5+ Kd5 42. Nd3 Nb5 43. Kf3 Na7 44. Kf4 Ke6 45. Nb4 Kf6 46.
Nd3 Ke6 47. Nb4 Nb5 48. Nd3 Kd5 49. Kxf5 Kc4 50. Ne5+ Kb4 51. Nc6+ Kc5 52. Nxd4
Nxd4+ 53. Ke5 Nc6+ 1/2-1/2

[Event "CEDIS Festival saha 2024 - 4. turnir"]
[Site "Podgorica"]
[Date "2024.09.07"]
[Round "2.9"]
[White "Markovic, Janko"]
[Black "Janketic, Milos"]
[Result "1-0"]
[WhiteElo "1468"]
[BlackElo "1573"]
[PlyCount "81"]
[EventDate "2024.09.06"]
[EventType "swiss"]
[EventRounds "5"]
[EventCountry "MNE"]
[SourceVersionDate "2024.09.08"]

1. e4 c5 2. Nf3 Nc6 3. d4 cxd4 4. Nxd4 e5 5. Nf3 Nf6 6. Nc3 Bb4 7. Bd2 d6 8.
Bc4 Bxc3 9. Bxc3 Nxe4 10. Qd5 Ng5 11. Nxg5 Qxg5 12. Qxf7+ Kd8 13. Bd5 Qe7 14.
Qxe7+ Nxe7 15. O-O-O Nxd5 16. Rxd5 Kc7 17. Rhd1 Rd8 18. Bxe5 Be6 19. Rxd6 Rxd6
20. Bxd6+ Kc6 21. Be5 Bd5 22. g3 Rf8 23. f4 g6 24. b3 b5 25. Kb2 a5 26. Ka3 b4+
27. Ka4 Kb6 28. Rxd5 Rc8 29. Rb5+ Ka6 30. Rxa5+ Kb6 31. Bd4+ Kb7 32. Kb5 Rxc2
33. Ra7+ Kc8 34. Rxh7 Rxa2 35. Kc6 Ra6+ 36. Bb6 Rxb6+ 37. Kxb6 Kd8 38. Kc6 Ke8
39. Kd6 Kf8 40. Ke6 Kg8 41. Ra7 1-0

[Event "CEDIS Festival saha 2024 - 4. turnir"]
[Site "Podgorica"]
[Date "2024.09.07"]
[Round "3.1"]
[White "Abramovic, Dragoljub"]
[Black "Zivkovic, Slaven"]
[Result "1/2-1/2"]
[WhiteElo "2038"]
[BlackElo "1914"]
[PlyCount "120"]
[EventDate "2024.09.06"]
[EventType "swiss"]
[EventRounds "5"]
[EventCountry "MNE"]
[SourceVersionDate "2024.09.08"]

1. d4 Nf6 2. Bg5 d5 3. Nd2 c5 4. Bxf6 gxf6 5. c3 Nc6 6. e3 Bf5 7. dxc5 e6 8.
Nb3 Bg6 9. h4 h5 10. Bd3 Bxd3 11. Qxd3 Ne5 12. Qe2 Rc8 13. Nh3 Ng6 14. Nf4 Nxf4
15. exf4 Qc7 16. f5 Qe5 17. Qxe5 fxe5 18. fxe6 fxe6 19. Rh3 Rg8 20. Kf1 Rg4 21.
Re1 Bg7 22. f3 Rf4 23. Ke2 Kf7 24. g3 Ra4 25. a3 Bf6 26. Kd3 Rg8 27. Re2 Ke7
28. Nd2 Ra5 29. Rg2 Rxc5 30. g4 e4+ 31. fxe4 hxg4 32. Rhg3 Bxh4 33. Rxg4 Rxg4
34. Rxg4 Bf6 35. Rg8 a6 36. Rb8 Rb5 37. b4 Be5 38. Ra8 Rb6 39. exd5 exd5 40.
Nf3 Bg7 41. Rb8 Kd7 42. Nd4 Be5 43. Rf8 Rf6 44. Rg8 Rh6 45. Rg5 Rh3+ 46. Kc2
Kd6 47. Rg6+ Kd7 48. Rg4 Kd6 49. Kb3 Kd7 50. a4 Kd6 51. Kc2 Kd7 52. Rg5 Kd6 53.
Rg6+ Kd7 54. Rg4 Kd6 55. a5 Kd7 56. Rg5 Kd6 57. Rg6+ Kd7 58. Rb6 Bxd4 59. cxd4
Kc7 60. Re6 Ra3 1/2-1/2

[Event "CEDIS Festival saha 2024 - 4. turnir"]
[Site "Podgorica"]
[Date "2024.09.07"]
[Round "3.2"]
[White "Abdovic, Daris"]
[Black "Djukanovic, Sreten"]
[Result "0-1"]
[WhiteElo "1554"]
[BlackElo "2115"]
[PlyCount "36"]
[EventDate "2024.09.06"]
[EventType "swiss"]
[EventRounds "5"]
[EventCountry "MNE"]
[SourceVersionDate "2024.09.08"]

1. d4 c5 2. d5 Nf6 3. c4 b5 4. b3 bxc4 5. bxc4 g6 6. Nc3 Bg7 7. Qc2 d6 8. f3
O-O 9. e4 Nbd7 10. Bd3 Ne5 11. Nge2 Ba6 12. Nd1 Nxd5 13. Rb1 Nb4 14. Rxb4 cxb4
15. h4 Rc8 16. Ne3 e6 17. h5 d5 18. h6 Bh8 0-1

[Event "CEDIS Festival saha 2024 - 4. turnir"]
[Site "Podgorica"]
[Date "2024.09.07"]
[Round "3.3"]
[White "Sekulic, Nikola"]
[Black "Vesovic, Nebojsa"]
[Result "1-0"]
[WhiteElo "1945"]
[BlackElo "1837"]
[PlyCount "25"]
[EventDate "2024.09.06"]
[EventType "swiss"]
[EventRounds "5"]
[EventCountry "MNE"]
[SourceVersionDate "2024.09.08"]

1. e4 c5 2. Nf3 d6 3. d4 cxd4 4. Nxd4 Nf6 5. Nc3 a6 6. Be3 g6 7. Bc4 Bg7 8. Bb3
O-O 9. f3 b5 10. Qd2 h5 11. Bh6 Bb7 12. Qg5 Nh7 13. Qxg6 1-0

[Event "CEDIS Festival saha 2024 - 4. turnir"]
[Site "Podgorica"]
[Date "2024.09.07"]
[Round "3.4"]
[White "Sijaric, Alvir"]
[Black "Zizic, Djordje"]
[Result "1/2-1/2"]
[WhiteElo "1889"]
[BlackElo "1745"]
[PlyCount "50"]
[EventDate "2024.09.06"]
[EventType "swiss"]
[EventRounds "5"]
[EventCountry "MNE"]
[SourceVersionDate "2024.09.08"]

1. d4 d5 2. c4 e6 3. cxd5 exd5 4. Nc3 Nf6 5. Bg5 Bb4 6. e3 h6 7. Bxf6 Qxf6 8.
Qb3 c5 9. Bb5+ Bd7 10. Bxd7+ Nxd7 11. Qxd5 Nb6 12. Qe4+ Qe7 13. Qxe7+ Kxe7 14.
a3 Bxc3+ 15. bxc3 cxd4 16. exd4 Rac8 17. Ne2 Rc6 18. Kd2 Rhc8 19. a4 Rf6 20. f3
Rc7 21. Kd3 g5 22. Rhf1 Nc4 23. Ng3 Ra6 24. Rfe1+ Kd8 25. Kc2 Nb6 1/2-1/2

[Event "CEDIS Festival saha 2024 - 4. turnir"]
[Site "Podgorica"]
[Date "2024.09.07"]
[Round "3.6"]
[White "Lakusic, Zoran"]
[Black "Sorochenkova, Margarita"]
[Result "1-0"]
[WhiteElo "1782"]
[BlackElo "1564"]
[PlyCount "121"]
[EventDate "2024.09.06"]
[EventType "swiss"]
[EventRounds "5"]
[EventCountry "MNE"]
[SourceVersionDate "2024.09.08"]

1. Nf3 Nf6 2. c4 Nc6 3. d4 d5 4. Nc3 e6 5. a3 Be7 6. e3 O-O 7. Bd3 dxc4 8. Bxc4
Na5 9. Ba2 c5 10. O-O Nc6 11. d5 exd5 12. Nxd5 Bg4 13. Nxe7+ Qxe7 14. h3 Bh5
15. g4 Rad8 16. Qa4 Bg6 17. Qf4 Qe4 18. Bb1 Qxf4 19. exf4 Bxb1 20. Rxb1 Nd4 21.
Kg2 Rfe8 22. b4 c4 23. Nxd4 Rxd4 24. Be3 Rd3 25. Bxa7 Rxa3 26. Bd4 Ne4 27. Rfc1
b5 28. Re1 Nd6 29. Bc5 Ne4 30. f3 Ra2+ 31. Kg1 f5 32. fxe4 fxe4 33. Rbd1 Ra3
34. Re3 Rd3 35. Rdxd3 cxd3 36. Kf2 Kf7 37. Ke1 h6 38. Kd2 Kg6 39. h4 h5 40. f5+
Kh6 41. g5+ Kh7 42. g6+ Kg8 43. Bd4 Kh8 44. f6 gxf6 45. Bxf6+ Kg8 46. g7 Re6
47. Bd4 Re8 48. Bc3 Re6 49. Rg3 Ra6 50. Rg5 Ra2+ 51. Ke3 Re2+ 52. Kd4 d2 53.
Rg1 Re1 54. Rxe1 dxe1=Q 55. Bxe1 Kxg7 56. Kxe4 Kf6 57. Kd5 Ke7 58. Kc6 Kd8 59.
Kxb5 Kc7 60. Bg3+ Kb7 61. Bd6 1-0

[Event "CEDIS Festival saha 2024 - 4. turnir"]
[Site "Podgorica"]
[Date "2024.09.07"]
[Round "3.9"]
[White "Janketic, Milos"]
[Black "Peric, Toman"]
[Result "1/2-1/2"]
[WhiteElo "1573"]
[BlackElo "1575"]
[PlyCount "105"]
[EventDate "2024.09.06"]
[EventType "swiss"]
[EventRounds "5"]
[EventCountry "MNE"]
[SourceVersionDate "2024.09.08"]

1. e4 c5 2. c3 d5 3. exd5 Qxd5 4. d4 e6 5. Nf3 Nf6 6. c4 Qd8 7. Bg5 cxd4 8.
Qxd4 Bb4+ 9. Nc3 Qxd4 10. Nxd4 Bxc3+ 11. bxc3 a6 12. Bxf6 gxf6 13. Bd3 Bd7 14.
Be4 e5 15. Nf5 Bxf5 16. Bxf5 Nd7 17. Rb1 Nc5 18. O-O O-O 19. Rfe1 Kh8 20. Re3
Rg8 21. Rb6 Rad8 22. h3 Kg7 23. Rg3+ Kh8 24. Rxf6 Rxg3 25. fxg3 Kg7 26. Rb6
Rd1+ 27. Kh2 e4 28. Rb2 Re1 29. Bg4 e3 30. Re2 Rxe2 31. Bxe2 Na4 32. Kg1 Nxc3
33. Kf1 Nxa2 34. c5 Nc3 35. Bf3 e2+ 36. Ke1 Nb5 37. Bxe2 Nd4 38. Bd3 Ne6 39. c6
bxc6 40. Bxa6 Kf6 41. Bd3 h6 42. Kd2 Nc5 43. Bc4 Ne4+ 44. Ke3 Nxg3 45. Kf4 Nf5
46. Bxf7 Nh4 47. Be8 Nxg2+ 48. Kg3 Ne3 49. Bxc6 Nf5+ 50. Kf4 Ne7 51. Bd7 Ng6+
52. Kg4 Ne5+ 53. Kh5 1/2-1/2

[Event "CEDIS Festival saha 2024 - 4. turnir"]
[Site "Podgorica"]
[Date "2024.09.08"]
[Round "4.1"]
[White "Djukanovic, Sreten"]
[Black "Abramovic, Dragoljub"]
[Result "1/2-1/2"]
[WhiteElo "2115"]
[BlackElo "2038"]
[PlyCount "51"]
[EventDate "2024.09.06"]
[EventType "swiss"]
[EventRounds "5"]
[EventCountry "MNE"]
[SourceVersionDate "2024.09.08"]

1. d4 e6 2. c4 Bb4+ 3. Nc3 Nf6 4. e3 b6 5. Bd3 Bb7 6. Nf3 Be4 7. Be2 O-O 8. Bd2
Qe7 9. O-O h6 10. a3 Bxc3 11. Bxc3 d6 12. b4 Nbd7 13. b5 c5 14. bxc6 Bxc6 15.
a4 Rac8 16. Qb3 Rc7 17. Nd2 Rfc8 18. Bb4 Ne4 19. Nxe4 Bxe4 20. Ba3 Nb8 21. Rfd1
Nc6 22. f3 Na5 23. Qb4 Bc6 24. Qxd6 Qe8 25. c5 Bxa4 26. Rdb1 1/2-1/2

[Event "CEDIS Festival saha 2024 - 4. turnir"]
[Site "Podgorica"]
[Date "2024.09.08"]
[Round "4.2"]
[White "Zivkovic, Slaven"]
[Black "Sekulic, Nikola"]
[Result "0-1"]
[WhiteElo "1914"]
[BlackElo "1945"]
[PlyCount "222"]
[EventDate "2024.09.06"]
[EventType "swiss"]
[EventRounds "5"]
[EventCountry "MNE"]
[SourceVersionDate "2024.09.08"]

1. e4 d5 2. exd5 Qxd5 3. Nc3 Qd8 4. Nf3 Nf6 5. h3 g6 6. d4 c6 7. Bc4 Bg7 8. O-O
O-O 9. Bb3 Nd5 10. Nxd5 cxd5 11. Bf4 Nc6 12. c3 b6 13. Re1 Ba6 14. Bc2 Re8 15.
Qd2 Na5 16. b3 Rc8 17. Rac1 Qd7 18. Ne5 Bxe5 19. Bxe5 f6 20. Bg3 Kg7 21. Bd1 e6
22. h4 Nb7 23. Qf4 Rc6 24. h5 Qf7 25. h6+ Kg8 26. Bh4 g5 27. Qg4 Qg6 28. Bg3
Qxh6 29. Bc2 Kf7 30. f4 Nd6 31. fxg5 Qxg5 32. Qf3 f5 33. Bf4 Qg6 34. Qh3 Ne4
35. Bd1 Nf6 36. Re3 h5 37. Qh4 Rg8 38. Rg3 Ng4 39. Bf3 Rcc8 40. Bd6 Qg5 41.
Qxg5 Rxg5 42. Rh3 Rh8 43. c4 dxc4 44. bxc4 Rd8 45. Bf4 Rg7 46. c5 Rxd4 47. cxb6
axb6 48. Bc7 Rc4 49. Rxc4 Bxc4 50. Bxb6 Bxa2 51. Rxh5 Ne5 52. Be2 Bd5 53. Bf1
Nf3+ 54. Kf2 Nd2 55. Bd4 Rg4 56. Rh7+ Ke8 57. Bb5+ Kf8 58. Rh8+ Ke7 59. Rh7+
Kf8 60. Rh8+ Rg8 61. Bc5+ Kf7 62. Rxg8 Kxg8 63. Bd4 Kf7 64. Bd3 Nb3 65. Be5 Nc5
66. Bb1 Ba2 67. Bc2 Bb3 68. Bb1 Bd1 69. Ke3 Nd7 70. Bb2 Nf8 71. Kf4 Bg4 72. Ba2
Nd7 73. Bd4 Ke7 74. Bb3 Kd6 75. Ba4 e5+ 76. Bxe5+ Nxe5 77. Bc2 Ke6 78. Bb1 Kf6
79. Bxf5 Bxf5 80. g3 Ng4 81. Kf3 Ke5 82. Ke2 Be4 83. Kd2 Kd4 84. Ke1 Ke3 85.
Kd1 Ne5 86. g4 Nxg4 87. Kc1 Kd3 88. Kb2 Kc4 89. Ka3 Ne5 90. Kb2 Kb4 91. Ka2 Kc3
92. Ka1 Bd5 93. Kb1 Nf3 94. Ka1 Ne1 95. Kb1 Nc2 96. Kc1 Ba2 97. Kd1 Nd4 98. Ke1
Kd3 99. Kd1 Ne2 100. Ke1 Ke3 101. Kd1 Bb3+ 102. Ke1 Nf4 103. Kf1 Bc2 104. Ke1
Ng2+ 105. Kf1 Kf3 106. Kg1 Kg3 107. Kh1 Bd3 108. Kg1 Nf4 109. Kh1 Be2 110. Kg1
Nh3+ 111. Kh1 Bf3# 0-1

[Event "CEDIS Festival saha 2024 - 4. turnir"]
[Site "Podgorica"]
[Date "2024.09.08"]
[Round "4.3"]
[White "Lakusic, Zoran"]
[Black "Sijaric, Alvir"]
[Result "0-1"]
[WhiteElo "1782"]
[BlackElo "1889"]
[PlyCount "80"]
[EventDate "2024.09.06"]
[EventType "swiss"]
[EventRounds "5"]
[EventCountry "MNE"]
[SourceVersionDate "2024.09.08"]

1. Nf3 d5 2. d4 Nf6 3. g3 Bf5 4. Bg2 e6 5. O-O c5 6. c4 Nc6 7. cxd5 exd5 8. a3
cxd4 9. Nxd4 Be4 10. f3 Bxb1 11. Nxc6 bxc6 12. Rxb1 Qb6+ 13. Kh1 Bxa3 14. Qa4
Be7 15. e4 O-O 16. exd5 Nxd5 17. Re1 Bf6 18. Qc2 Rfe8 19. Rd1 Rab8 20. Bd2 Re2
21. Bf1 Ne3 22. Bxe3 Rxe3 23. Bd3 g6 24. Be4 c5 25. Rd2 Bd4 26. h4 Qf6 27. Kg2
Kg7 28. b3 Rb4 29. h5 Rc3 30. Qd1 Qe6 31. hxg6 hxg6 32. Bc2 a5 33. Ra1 Rb5 34.
Qf1 Qb6 35. Re1 Rb4 36. Re7 Bf6 37. Red7 Rd4 38. R7xd4 Bxd4 39. Qd1 Re3 40. Re2
Qe6 0-1

[Event "CEDIS Festival saha 2024 - 4. turnir"]
[Site "Podgorica"]
[Date "2024.09.08"]
[Round "4.5"]
[White "Zizic, Djordje"]
[Black "Koprivica, Andrija"]
[Result "1/2-1/2"]
[WhiteElo "1745"]
[BlackElo "1699"]
[PlyCount "71"]
[EventDate "2024.09.06"]
[EventType "swiss"]
[EventRounds "5"]
[EventCountry "MNE"]
[SourceVersionDate "2024.09.08"]

1. e4 b6 2. f3 e5 3. Bc4 Bb7 4. Ne2 Bc5 5. Nbc3 Qh4+ 6. Ng3 f5 7. Bxg8 f4 8.
Bc4 fxg3 9. h3 Bf2+ 10. Kf1 Rf8 11. Be2 Nc6 12. Nd5 O-O-O 13. d3 Nd4 14. Ne3 h5
15. c3 Ne6 16. a4 Bxe3 17. Bxe3 g5 18. Ke1 Nf4 19. Bxf4 gxf4 20. c4 Qe7 21. Qd2
a5 22. Rb1 c5 23. Bd1 Rf6 24. Bc2 Rd6 25. Qc3 Kc7 26. Ke2 Re6 27. Rhd1 d6 28.
Rd2 Qh4 29. Rdd1 Bc8 30. Rh1 Rg6 31. Rbg1 Bd7 32. b3 Rf8 33. Qd2 Rh8 34. Qc3
Rgh6 35. Qd2 Qf6 36. Qc3 1/2-1/2

[Event "CEDIS Festival saha 2024 - 4. turnir"]
[Site "Podgorica"]
[Date "2024.09.08"]
[Round "4.6"]
[White "Popovic, Milo"]
[Black "Abdovic, Daris"]
[Result "0-1"]
[WhiteElo "1409"]
[BlackElo "1554"]
[PlyCount "86"]
[EventDate "2024.09.06"]
[EventType "swiss"]
[EventRounds "5"]
[EventCountry "MNE"]
[SourceVersionDate "2024.09.08"]

1. e4 d5 2. exd5 Qxd5 3. Nc3 Qd8 4. d4 Nf6 5. Nf3 Bg4 6. Be2 e6 7. Bg5 Be7 8.
Qd2 h6 9. Bh4 c6 10. h3 Bxf3 11. Bxf3 Nd5 12. Bg3 Bb4 13. O-O Qa5 14. Bxd5 cxd5
15. Rfb1 Nd7 16. a3 Bxc3 17. Qxc3 Qxc3 18. bxc3 b6 19. Bd6 Nf6 20. Rb5 Ne4 21.
Bb4 Rc8 22. Re1 Kd7 23. Rb1 Nxc3 24. Bxc3 Rxc3 25. a4 Rxc2 26. a5 bxa5 27. Rb7+
Rc7 28. Rxc7+ Kxc7 29. Rb5 Rb8 30. Rxa5 Kb6 31. Ra1 a5 32. Rb1+ Ka7 33. Rc1 Rb7
34. Rc5 Ka6 35. Rc6+ Kb5 36. Rc5+ Kb4 37. Rc1 Ra7 38. Kf1 a4 39. Ke2 a3 40. Kd2
a2 41. Ra1 Kc4 42. Ke3 Kc3 43. Rc1+ Kb2 0-1

[Event "CEDIS Festival saha 2024 - 4. turnir"]
[Site "Podgorica"]
[Date "2024.09.08"]
[Round "4.8"]
[White "Sorochenkova, Margarita"]
[Black "Janketic, Milos"]
[Result "1-0"]
[WhiteElo "1564"]
[BlackElo "1573"]
[PlyCount "109"]
[EventDate "2024.09.06"]
[EventType "swiss"]
[EventRounds "5"]
[EventCountry "MNE"]
[SourceVersionDate "2024.09.08"]

1. e4 c5 2. Nf3 Nc6 3. d4 cxd4 4. Nxd4 e5 5. Nxc6 bxc6 6. Bc4 Nf6 7. Nc3 Bb4 8.
Bd2 Bb7 9. Qe2 O-O 10. O-O h6 11. a3 Ba5 12. b4 Bc7 13. Qf3 d5 14. exd5 cxd5
15. Bb3 e4 16. Qe2 Qd6 17. g3 Qd7 18. f3 Bb6+ 19. Kg2 exf3+ 20. Rxf3 d4 21. Ba4
Bxf3+ 22. Qxf3 Qg4 23. Ne2 Qxf3+ 24. Kxf3 Rfd8 25. Nf4 Rac8 26. Re1 g5 27. Nd3
Rd5 28. Re7 Rf5+ 29. Kg2 Nd5 30. Rd7 Ne3+ 31. Bxe3 dxe3 32. Re7 Rc4 33. Bb3 Rc7
34. Re8+ Kg7 35. a4 Rd7 36. a5 Bd4 37. c4 Bc3 38. Rxe3 Bd2 39. Ne5 Re7 40. Rd3
Bxb4 41. Nc6 Re2+ 42. Kh3 Bc5 43. Bd1 Re3 44. Rd7 Rc3 45. Bg4 Rf6 46. Ne5 Re3
47. Rd5 Bd6 48. Nd7 h5 49. Nxf6 hxg4+ 50. Nxg4 Re6 51. Rxg5+ Rg6 52. Rd5 f5 53.
Ne3 Rh6+ 54. Kg2 f4 55. Nf5+ 1-0